Detroit Suburbs Above 50k - Statistics

General Stats
  • This quiz has been taken 11 times
  • The average score is 14 of 21
Answer Stats
Picture Answer % Correct
Dearborn
100%
Sterling Heights
100%
Livonia
88%
Pontiac
88%
Troy
88%
Warren
88%
Dearborn Heights
75%
Southfield
75%
Farmington Hills
63%
Macomb
63%
Rochester Hills
63%
Royal Oak
63%
St. Clair Shores
63%
Canton
50%
Clinton
50%
Novi
50%
Shelby
50%
Taylor
50%
West Bloomfield
50%
Westland
50%
Waterford
38%
No matching quizzes found
Score Distribution
Percent of People with Each Score
Percentile by Number Answered
Your Score History
You have not taken this quiz